<?xml version="1.0" encoding="UTF-8"?>
<record
    xmlns:xsi="http://www.w3.org/2001/XMLSchema-instance"
    xsi:schemaLocation="http://www.loc.gov/MARC21/slim http://www.loc.gov/standards/marcxml/schema/MARC21slim.xsd"
    xmlns="http://www.loc.gov/MARC21/slim">

  <leader>01385nab a22002177a 4500</leader>
  <datafield tag="999" ind1=" " ind2=" ">
    <subfield code="c">5812</subfield>
    <subfield code="d">5812</subfield>
  </datafield>
  <controlfield tag="003">OSt</controlfield>
  <controlfield tag="005">20260106231108.0</controlfield>
  <controlfield tag="008">190514b        xxu||||| |||| 00| 0 spa d</controlfield>
  <datafield tag="040" ind1=" " ind2=" ">
    <subfield code="c">PJ</subfield>
  </datafield>
  <datafield tag="100" ind1=" " ind2=" ">
    <subfield code="9">6721</subfield>
    <subfield code="a">Sarquis, Lorena</subfield>
  </datafield>
  <datafield tag="245" ind1="1" ind2="0">
    <subfield code="a">Adopci&#xF3;n de ni&#xF1;os, ni&#xF1;as y adolescentes en situaci&#xF3;n de discapacidad :</subfield>
    <subfield code="b">aportes desde una mirada cr&#xED;tica para la garant&#xED;a del derecho humano a vivir en familia /</subfield>
    <subfield code="c">Lorena Sarquis, Camila Beguiristain.</subfield>
  </datafield>
  <datafield tag="300" ind1=" " ind2=" ">
    <subfield code="a">p. 58-75</subfield>
  </datafield>
  <datafield tag="505" ind1=" " ind2=" ">
    <subfield code="a">Sumario: I. Nuestro objetivo.&#x2014; II. Enfoque de derechos humanos y las perspectivas de ni&#xF1;ez y discapacidad en clave interseccional.&#x2014; III. Repercusiones en las medidas excepcionales de protecci&#xF3;n de derechos.&#x2014; IV. Garant&#xED;as m&#xED;nimas de procedimiento, relectura en clavede discapacidad: ajustes para garantizar el derecho humano a vivir en familia.&#x2014; V. El camino hacia la adopci&#xF3;n.&#x2014; VI. Repercusiones en las ni&#xF1;eces y adolescencias con discapacidad psicosocial o intelectual.&#x2014; VII. Palabras de cierre.</subfield>
  </datafield>
  <datafield tag="505" ind1=" " ind2=" ">
    <subfield code="t">Si te interesa el texto, comunicate a koha@justierradelfuego.gov.ar</subfield>
  </datafield>
  <datafield tag="650" ind1=" " ind2="0">
    <subfield code="9">614</subfield>
    <subfield code="a">DERECHOS HUMANOS</subfield>
  </datafield>
  <datafield tag="650" ind1=" " ind2="0">
    <subfield code="9">974</subfield>
    <subfield code="a">ADOPCI&#xD3;N</subfield>
  </datafield>
  <datafield tag="650" ind1=" " ind2="0">
    <subfield code="9">3271</subfield>
    <subfield code="a">PERSONAS CON DISCAPACIDAD</subfield>
  </datafield>
  <datafield tag="700" ind1=" " ind2=" ">
    <subfield code="9">5951</subfield>
    <subfield code="a">Beguiristain, Camila</subfield>
    <subfield code="e">coautor</subfield>
  </datafield>
  <datafield tag="773" ind1="0" ind2=" ">
    <subfield code="0">2844</subfield>
    <subfield code="9">3222</subfield>
    <subfield code="d">Buenos Aires : AbeledoPerrot, 1989-</subfield>
    <subfield code="t">Derecho de familia. N&#xB0; 117 - Noviembre 2024</subfield>
    <subfield code="z">18511201</subfield>
  </datafield>
  <datafield tag="942" ind1=" " ind2=" ">
    <subfield code="2">udc</subfield>
    <subfield code="c">ANA</subfield>
  </datafield>
</record>
